[Event "Unterfranken-ch HA 60th"]
[Site "Obernau"]
[Date "2009.04.14"]
[Round "4"]
[White "Liebler, Juergen"]
[Black "Knauft, Marcel"]
[Result "1-0"]
[WhiteElo "1715"]
[BlackElo "1622"]
[PlyCount "71"]
[EventDate "2009.04.13"]
[EventType "swiss"]
[EventRounds "9"]
[EventCountry "GER"]
[SourceTitle "EXT 2015"]
[Source "ChessBase"]
[SourceDate "2014.11.20"]
[SourceVersion "1"]
[SourceVersionDate "2014.11.20"]
[SourceQuality "1"]

1. e4 e6 2. f4 d5 3. exd5 exd5 4. Nf3 Bg4 5. Be2 Bd6 6. Ne5 Bxe2 7. Qxe2 Qe7 8. Nc3 Nf6 9. d4 0-0 10. Be3 a6 11. 0-0-0 c6 12. g4 Re8 13. Qf3 Qe6 14. g5 Nfd7 15. Rde1 g6 16. Ng4 f5 17. Nh6+ Kg7 18. Bd2 Ne5 19. dxe5 Bc5 20. h4 Nd7 21. h5 Nf8 22. Na4 Ba7 23. Bb4 b5 24. Nc5 Bxc5 25. Bxc5 a5 26. Rh3 Rad8 27. Kb1 a4 28. Reh1 d4 29. hxg6 hxg6 30. Bxf8+ Rxf8 31. R3h2 b4 32. Qh3 Rh8 33. Qd3 c5 34. Qb5 Rb8 35. Qxc5 Qd7 36. e6 1-0

[Event "Unterfranken-ch HA 60th"]
[Site "Obernau"]
[Date "2009.04.13"]
[Round "2"]
[White "Knauft, Marcel"]
[Black "Schwarz, Dominik"]
[Result "1-0"]
[WhiteElo "1622"]
[BlackElo "933"]
[PlyCount "88"]
[EventDate "2009.04.13"]
[EventType "swiss"]
[EventRounds "9"]
[EventCountry "GER"]
[SourceTitle "EXT 2015"]
[Source "ChessBase"]
[SourceDate "2014.11.20"]
[SourceVersion "1"]
[SourceVersionDate "2014.11.20"]
[SourceQuality "1"]

1. e4 c6 2. d4 d5 3. exd5 cxd5 4. Nc3 Nf6 5. Bg5 Qb6 6. b3 Nbd7 7. Bb5 Qd6 8. Qf3 a6 9. Bxd7+ Bxd7 10. Bxf6 exf6 11. Qxd5 Qxd5 12. Nxd5 Rc8 13. c4 Bc6 14. Nb6 Bb4+ 15. Kf1 Rd8 16. d5 Bd7 17. a3 Bd6 18. Re1+ Kf8 19. b4 Bf5 20. Re3 Re8 21. c5 Bc7 22. Nc4 Rxe3 23. Nxe3 Bg6 24. d6 Bd8 25. f4 Be4 26. Nh3 Bc6 27. Nc2 Ke8 28. Nd4 Bd5 29. Nf5 g6 30. Nd4 f5 31. Kf2 Kd7 32. Re1 Bf6 33. Nf3 Re8 34. Ne5+ Kd8 35. Ng5 Bxg5 36. fxg5 Rf8 37. Rd1 Bc6 38. Re1 f6 39. Nxc6+ bxc6 40. gxf6 Rxf6 41. Re7 h5 42. Ra7 g5 43. Rxa6 Kd7 44. Ra7+ Ke6 1-0

[Event "Berlin Lichtenberger op 7th"]
[Site "Berlin"]
[Date "2008.08.21"]
[Round "6"]
[White "Knauft, Marcel"]
[Black "Schmalzried, Volker"]
[Result "1/2-1/2"]
[WhiteElo "1571"]
[BlackElo "1758"]
[PlyCount "90"]
[EventDate "2008.08.16"]
[EventType "swiss"]
[EventRounds "9"]
[EventCountry "GER"]
[SourceTitle "CBM 126 Extra"]
[Source "ChessBase"]
[SourceDate "2008.11.05"]
[SourceVersion "1"]
[SourceVersionDate "2008.11.05"]
[SourceQuality "1"]

1. e4 g6 2. d4 Bg7 3. Nf3 c5 4. Be3 cxd4 5. Nxd4 Nc6 6. Bc4 Nf6 7. Nc3 0-0 8. f3 d6 9. Qd2 Nxd4 10. Bxd4 a6 11. 0-0-0 Qc7 12. Bd5 Bd7 13. Qe3 Bc6 14. Rhe1 b5 15. Bxc6 Qxc6 16. e5 dxe5 17. Qxe5 b4 18. Nd5 Qxd5 19. Qxd5 Nxd5 20. Bxg7 Kxg7 21. Rxd5 e6 22. Rd7 Rfd8 23. Re7 Kf6 24. Rb7 a5 25. Re4 g5 26. Rb5 Rd6 27. b3 Rc6 28. Rc4 Rxc4 29. bxc4 h5 30. h4 gxh4 31. Rxh5 Rg8 32. Rxh4 Rxg2 33. Rf4+ Ke7 34. c5 f5 35. Rd4 Rg3 36. Rd3 Rg8 37. a3 Rc8 38. axb4 axb4 39. Rb3 Rxc5 40. Rxb4 Kd6 41. Kd2 Kd5 42. Kd3 e5 43. Ra4 e4+ 44. fxe4+ fxe4+ 45. Rxe4 Rxc2 1/2-1/2

[Event "Berlin Lichtenberger op 7th"]
[Site "Berlin"]
[Date "2008.08.18"]
[Round "3"]
[White "Lippianowski, Stefan"]
[Black "Knauft, Marcel"]
[Result "0-1"]
[WhiteElo "953"]
[BlackElo "1571"]
[PlyCount "62"]
[EventDate "2008.08.16"]
[EventType "swiss"]
[EventRounds "9"]
[EventCountry "GER"]
[SourceTitle "CBM 126 Extra"]
[Source "ChessBase"]
[SourceDate "2008.11.05"]
[SourceVersion "1"]
[SourceVersionDate "2008.11.05"]
[SourceQuality "1"]

1. e4 e6 2. d4 d5 3. e5 c5 4. Nf3 Nc6 5. Bg5 Qb6 6. b3 cxd4 7. Na3 Bxa3 8. Bd3 Bb2 9. Rb1 Bc3+ 10. Bd2 Bxd2+ 11. Qxd2 Qb4 12. 0-0 Qxd2 13. Nxd2 Nxe5 14. Nf3 Nxf3+ 15. gxf3 Ne7 16. Bb5+ Bd7 17. Bxd7+ Kxd7 18. Rfd1 Nc6 19. c4 dxc3 20. Rbc1 Rac8 21. Rxc3 Nb4 22. Rxc8 Rxc8 23. a3 Nc2 24. a4 Nb4 25. Rd2 Rc3 26. Rb2 Nd3 27. Rb1 Rc1+ 28. Rxc1 Nxc1 29. b4 Na2 30. b5 Nc3 31. Kf1 Nxa4 0-1